Songtexte von Ayliva - Statistiken

Allgemein
  • Dieses Quiz wurde 218 mal gespielt
  • Das Durchschnittsergebnis liegt bei 12 aus 15
Antwortstatistiken
Frage Antwort % Korrekt
ich mach was mir gefällt ich nehm mir die Zeit bastel für mich selbst Was mir gefällt
96%
Schmetterlinge fliegen weit die Dachterrasse ich atme tief ein, erinner mich,wie wir uns hatten Schmetterlinge
95%
ich hab nie geseh´n wie du aussiehst Nichts passt von dem, was du anziehst und die Art , wie du lachst Geht mir richtig auf den Sack Hässlich
93%
ich Vermiss diese Nächte Die Musik viel zu laut Hab dich nie gehört, aber gelacht Ich weiß, du mochtest das auch hielt mich an dir fest Beifahrer
87%
ich seh Mondschein und die Luft kalt Weil mann mich nur sieht bei Mitternacht Tut mir leid an mich selbst ich begleite mich jetzt und ihr schläft bei Mitternacht immer kalt
84%
Halt mich fest, geh nicht weg ich weiß nicht, wie mann lebt ohne dich Begreif´s nicht, ich wein, ich Will, das es uns noch gibt Wie?
84%
Bullet, take my bullet, take Wie viel würdest du fang´n? Und wenn die Welt zusamm´nbricht Hältst du mich in dein´n Arm´n? bullet
83%
ich zähl alle Rosen, alle, die du gibst Behalte alle Rosen, weil ich alle von den´n lieb und auch wenn ich weiß, dass es uns beide nicht mehr gibt Scheine Zählen
83%
von Tausend Sternen Bist du der, der am hellsten leuchtet Auf all meinen Scherben Vom allerersten Tag bis Heute ich glaub, ich sag die viel zu selten Dass du für mich die Welt bedeutest 1.000 Sterne
81%
Das Beste von mir Warst immer nur du Kann das keinem erzähk´n, weil keiner dich mag Es wir keiner versteh´n Weißes Haus
79%
Hoffentlich sieht sie nicht aus wie ich Mag nicht, was ich mag Redet nicht den ganzen tag Weiß sie, dass du an mich denkst? Wunder
76%
Was, wenn er mich nicht liebt? Dann wird dein leben ohne ihn auch wunderbar Doch was, wenn mein Lifestyle ihn nicht passt? Dann soll er sich wen suchen, die das anders kann Hältst du mit?
73%
Würde gerne geh´n, will nicht bleiben Seitdem du hier bist, bin ich am Weinen ich mag nichts an mir Weil du alles ruinirst Mir geht´s gut :):
65%
Oh-oh du schaust mich an Doch heut zum letzten Mal Uh-uh-uh, und es fehlt mir, verdammt Wie du riechst, wenn wir uns umarm´n Oh-oh, ich behalt dich tief in mir So wie ich dich kenn Lass nicht zu, das es sich verändert ich will nicht Heim
46%
Aber nur du Tust mir nicht gut Hab viel geweint, war allein, doch du weißt das nicht War dir egal Wenn du mich liebst Bleib Heut hier Schwarzes Herz
42%
Keine übereinstimmenden Quizze gefunden
Verteilung der Resultate
Anzahl Personen mit jedem Resultat
Perzentil nach korrekt beantworteten Fragen
Ihre Resultats-Entwicklung
Sie haben dieses Quiz noch nicht gespielt